00596nam a22002057a 450000500170000001000130001702000220003003500130005203700160006504000120008108200180009310000210011124500540013226000480018627000420023430000200027650000520029665000120034865000300036020170124110016.0 aA-706960 c00.00a8173870047 aA-706960 bCen Lib/Ret aDPLbEN a338.4791bPRE aPrem Singh Jina  aTourism in ladakh himalaya /cby Prem Singh Jina  bIndus Publishing Company c1994aNew Delhi  bNew Delhi aFS-tagore garden e110027 a216p.c21cm(Hb) aIncludes bibliographical references and index  aTourism aAdventures zIndia-Ladakh